000 00320nam a2200133Ia 4500
008 240624s9999 xx 000 0 und d
041 _aeng
082 _a823 KLE
100 _aKLEYPAS LISA
245 _aIT HAPPENED ONE AUTUMN
260 _c2005
_aNew York
_bAvon Books
300 _a391 : p. : cm. ; 17
365 _c
_b20
999 _c12678
_d12678